Bible General Knowledge #5 - Statistics

General Stats
  • This quiz has been taken 35 times
    34 since last reset
  • The average score is 11 of 20
Answer Stats
Hint Answer % Correct
Zion, Ararat and Sinai are examples of what in the Bible? Mountains
94%
What was Jesus given to wear on a cross as a form of mocking? A crown of {thorns}
84%
What are the first and last books of the Bible? Genesis
84%
Who did God talk to through the burning bush? Moses
84%
What sea did the Israelites cross to escape from Egypt? Red Sea
77%
What did God do/create on the seventh day of Creation? Rest
74%
What are the first and last books of the Bible? Revelation
71%
Name one of Jesus' brothers that were mentioned in the Bible James | Joseph | Simon | Jude
68%
Name the only Book of the Bible starting with 'I' Isaiah
58%
What was the last plague of Egypt? Death to firstborn
55%
On what body of water did Jesus (and Peter, temporarily) walk on? Sea of Galilee
55%
On what day did Jesus enter Jerusalem riding a young donkey? Palm Sunday
52%
What was John Wycliffe known for? {Translating} the Bible
45%
How many Books of the Bible are in the Protestant Bible? 66
39%
Two cities named 'Antioch' were visited by Paul. One is in modern-day Turkey. Where's the other one? Syria
32%
Who was the prostitute from Jericho that helped the Israelite spies? Rahab
29%
Who is generally considered the 'First Pope', according to Catholic tradition? Saint Peter
29%
What did Paul and Silas doing before God helped them escape a prison? Singing
26%
Other than Judah, what Tribe of Israel was considered a part of 'Judah'? Benjamin
23%
Who was the first king of (divided) Judah? Rehoboam
6%
No matching quizzes found
Score Distribution
Percent of People with Each Score
Percentile by Number Answered
Your Score History
You have not taken this quiz since the last reset